000 00767nam a22002657i 4500
003 DO-SdBNP
005 20250813080554.0
007 ta
008 250813s2025 dr 000 0 spa d
020 _a9789945948370
040 _aDO-SdBNP
_bspa
_cBNPHU
_erda
041 _asp
082 _axxx
_bF359d
_222
100 1 _aFermín, Evelin
_eautor
_988479
245 1 3 _aDel dolor al poder :
_bsin miedo a copmenzar de nuevo
_cEvelin Fermín
250 _aPrimera edición
264 _aSanto Domingo :
_b[Editora desconocida],
_c©2025
300 _a129 páginas ;
_c24 cm.
336 _ardacontent
_btexto
_2txt
337 _ardamedia
_bsin mediación
_2n
338 _ardacarrier
_bvolumen
_2nc
590 _aInventariado,2025/DG
910 _aDG
942 _2ddc
_cLBS1
999 _c59780
_d59780